Straight and narrow? : (Record no. 4810)
[ view plain ]
| 000 -LEADER | |
|---|---|
| fixed length control field | 00654nam a22002052 4500 |
| 001 - CONTROL NUMBER | |
| control field | 0000000588 |
| 005 - DATE AND TIME OF LATEST TRANSACTION | |
| control field | 20151217151751.0 |
| 008 - FIXED-LENGTH DATA ELEMENTS--GENERAL INFORMATION | |
| fixed length control field | 070213s xx 000 0 eng d |
| 020 ## - INTERNATIONAL STANDARD BOOK NUMBER | |
| International Standard Book Number | 0830818588 : |
| 040 ## - CATALOGING SOURCE | |
| Original cataloging agency | KABU |
| Transcribing agency | KABU |
| 050 #0 - LIBRARY OF CONGRESS CALL NUMBER | |
| Classification number | BR115 |
| Item number | .H63S36 |
| 100 1# - MAIN ENTRY--PERSONAL NAME | |
| Personal name | Schmidt, Thomas E. |
| -- | 0000148822 |
| 245 10 - TITLE STATEMENT | |
| Title | Straight and narrow? : |
| Remainder of title | compassion and clarity in the homosexuality debate. |
| 260 ## - PUBLICATION, DISTRIBUTION, ETC. (IMPRINT) | |
| Place of publication, distribution, etc. | Downers Grove, Ill. : |
| Name of publisher, distributor, etc. | Inter-Varsity Press, |
| Date of publication, distribution, etc. | 1995. |
| 300 ## - PHYSICAL DESCRIPTION | |
| Extent | 239 p. |
| 650 #0 - SUBJECT ADDED ENTRY--TOPICAL TERM | |
| Topical term or geographic name as entry element | Human sexuality |
| General subdivision | Religious aspects |
| -- | Christianity. |
| -- | 0000148823 |
| 908 ## - PUT COMMAND PARAMETER (RLIN) | |
| Put command parameter | 070213 |
| 950 ## - LOCAL HOLDINGS (RLIN) | |
| -- | 1 |
| Withdrawn status | Lost status | Source of classification or shelving scheme | Not for loan | Home library | Current library | Date acquired | Total Checkouts | Full call number | Barcode | Date last seen | Price effective from | Koha item type | Cost, normal purchase price | Copy number | Date last checked out |
|---|---|---|---|---|---|---|---|---|---|---|---|---|---|---|---|
| Library of Congress Classification | Kabarak, Main Campus | Kabarak, Main Campus | 17/12/2015 | BR115 .H63S36 | 000700 | 02/08/2024 | 17/12/2015 | General Collection | |||||||
| Library of Congress Classification | Kabarak, Main Campus | Kabarak, Main Campus | 17/12/2015 | BR115 .H63S36 c. 2 | 028300 | 02/08/2024 | 17/12/2015 | General Collection | 1370.00 | c. 2 | |||||
| Library of Congress Classification | Kabarak, Main Campus | Kabarak, Main Campus | 17/12/2015 | 1 | BR115 .H63S36 c. 3 | 028301 | 02/08/2024 | 17/12/2015 | General Collection | 1370.00 | c. 3 | 14/03/2024 |